Regresia, predikcie a kauzálne vzťahy
Na minha lista:
| Autor principal: | |
|---|---|
| Formato: | Capítulo de Livro |
| Idioma: | eslovaco |
| Assuntos: | |
| Tags: |
Sem tags, seja o primeiro a adicionar uma tag!
|
MARC
| LEADER | 00000naa$a2200000$$$4500 | ||
|---|---|---|---|
| 001 | 0195680 | ||
| 005 | 20240502073303.4 | ||
| 041 | 0 | |a slo | |
| 044 | |a SK | ||
| 245 | 1 | 0 | |a Regresia, predikcie a kauzálne vzťahy |c Milan Terek |
| 500 | |a Abstrakt | ||
| 610 | 2 | 0 | |a analýza regresná |
| 610 | 2 | 0 | |a analýza korelačná |
| 610 | 2 | 0 | |a funkcie regresné |
| 610 | 2 | 0 | |a koeficient regresný |
| 610 | 2 | 0 | |a metódy matematicko-štatistické |
| 100 | 1 | |a Terek, Milan | |